Music Trivia: Singer-Songwriters - Statistics

General Stats
  • This quiz has been taken 50 times
  • The average score is 7 of 15
Answer Stats
Hint Answer % Correct
Loser Beck
75%
Queen Jane Approximately Bob Dylan
60%
Luka Suzanne Vega
60%
This Land is Your Land Woody Guthrie
60%
Master Blaster (Jammin') Stevie Wonder
58%
What'd I Say Ray Charles
52%
All By Myself Eric Carmen
44%
So Long, Marianne Leonard Cohen
44%
You Send Me Sam Cooke
44%
Hey, Good Lookin' Hank Williams
42%
Fly Away Lenny Kravitz
38%
You Turn Me On, I'm a Radio Joni Mitchell
29%
Love and Mercy Brian Wilson
21%
Crackerbox Palace George Harrison
21%
Travelin' Prayer Billy Joel
17%
No matching quizzes found
Score Distribution
Percent of People with Each Score
Percentile by Number Answered
Your Score History
You have not taken this quiz